Statystyki dla 15 krajów o największej liczbie zgonów Covid19 - 27 lut 2021

Kliknij tutaj aby rozwiązać quiz!

Ogólne statystyki

  • Ten quiz został rozwiązany 24 razy
  • Średni wynik to 10 z 24

Statystyki odpowiedzi

pays% Poprawnych
Stany Zjednoczone
90%
Rosja
85%
Hiszpania
80%
Niemcy
80%
Brazylia
75%
Francja
70%
Włochy
65%
Indie
60%
Portugalia
50%
Wielka Brytania
50%
Argentyna
45%
Czechy
45%
Meksyk
45%
Węgry
30%
Chorwacja
25%
Iran
25%
Republika
Południowej Afryki
25%
Belgia
20%
Peru
15%
Bośnia i Hercegowina
10%
Bułgaria
10%
Słowenia
10%
Kolumbia
5%
Macedonia Północna
5%

Rozkład punktacji

Percentyl według liczby udzielonych odpowiedzi

Procent ludzi z każdym wynikiem

Twoja historia wyników

Nie rozwiązałeś tego quizu